| 000 | 00442 a2200133 4500 | ||
|---|---|---|---|
| 003 | Nust | ||
| 005 | 20170207171644.0 | ||
| 040 | _cNust | ||
| 082 | _a799 | ||
| 245 |
_a45-Meet with Brig Muhammad Asim Iqbal Comdt ASL,&Lec to Mil students,Photographs-2016 _cMCS |
||
| 260 |
_aRawalpindi _bMCS _c07-03-2016 |
||
| 650 | _a45-Meet with Brig Muhammad Asim Iqbal Comdt ASL,&Lec to Mil students,Photographs-2016 DVD No 26 (Vol-II)26 | ||
| 651 | _aSweet Memories-MCS | ||
| 942 | _cBK | ||
| 999 |
_c218233 _d218233 |
||